00571nam a22002057a 450000500170000001000130001702000220003003500130005203700160006504000120008108200160009310000260010924500540013526000480018927000200023730000240025750000410028165000180032265000250034020170124105950.0 aA-600968 c00.00a8185428212 aA-600968 bCen Lib/Ret aDPLbEN a280.61bFUE aFuellenbach, Fr. John aTheology of liberation /cby Fr. John Fuellenbach aIndore bSatprakashan Sanchar Kendra c1992 bIndore e452001 aix, 231p.c19cm(Hb) aIncludes bibliographical references  aChristianity  aTheology and wisdom